Clinical Applications of Biomaterials (Запис № 448112)

МАРК-запис
000 -LEADER
fixed length control field 04301nam a22005655i 4500
001 - CONTROL NUMBER
control field 978-3-319-56059-5
003 - CONTROL NUMBER IDENTIFIER
control field DE-He213
005 - DATE AND TIME OF LATEST TRANSACTION
control field 20210118132228.0
007 - PHYSICAL DESCRIPTION FIXED FIELD--GENERAL INFORMATION
fixed length control field cr nn 008mamaa
008 - FIXED-LENGTH DATA ELEMENTS--GENERAL INFORMATION
fixed length control field 170607s2017 gw | s |||| 0|eng d
020 ## - INTERNATIONAL STANDARD BOOK NUMBER
International Standard Book Number 9783319560595
-- 978-3-319-56059-5
024 7# - OTHER STANDARD IDENTIFIER
Standard number or code 10.1007/978-3-319-56059-5
Source of number or code doi
050 #4 - LIBRARY OF CONGRESS CALL NUMBER
Classification number R857.M3
072 #7 - SUBJECT CATEGORY CODE
Subject category code TGM
Source bicssc
072 #7 - SUBJECT CATEGORY CODE
Subject category code TEC021000
Source bisacsh
072 #7 - SUBJECT CATEGORY CODE
Subject category code TGM
Source thema
072 #7 - SUBJECT CATEGORY CODE
Subject category code TCB
Source thema
082 04 - DEWEY DECIMAL CLASSIFICATION NUMBER
Classification number 620.11
Edition number 23
245 10 - TITLE STATEMENT
Title Clinical Applications of Biomaterials
Medium [electronic resource] :
Remainder of title State-of-the-Art Progress, Trends, and Novel Approaches /
Statement of responsibility, etc edited by Gurbinder Kaur.
250 ## - EDITION STATEMENT
Edition statement 1st ed. 2017.
264 #1 -
-- Cham :
-- Springer International Publishing :
-- Imprint: Springer,
-- 2017.
300 ## - PHYSICAL DESCRIPTION
Extent XXV, 467 p. 195 illus., 132 illus. in color.
Other physical details online resource.
336 ## -
-- text
-- txt
-- rdacontent
337 ## -
-- computer
-- c
-- rdamedia
338 ## -
-- online resource
-- cr
-- rdacarrier
347 ## -
-- text file
-- PDF
-- rda
505 0# - FORMATTED CONTENTS NOTE
Formatted contents note 1. How Did Bioactive Glasses Revolutionize Medical Science? A Tribute to Larry Hench -- 2. Variation in Properties of Bioactive Glasses After Surface Modification -- 3. Apatites for Orthopaedic Applications -- 4. Calcium Phosphate Cements for Medical Applications -- 5. Calcium Orthophosphate-Based Bioceramics and its Clinical Applications -- 6. Nanostructured Calcium Phosphates for Drug, Gene, DNA, and Protein Delivery and as Anticancer Chemotherapeutic Devices -- 7. Synthesis and Functionalization of Mesoporous Bioactive Glasses for Drug Delivery -- 8. Bioactive Glass/Polymer Composites for Drug Delivery -- 9. Restorative Dental Glass-ceramics: Current Status and Trends -- 10. Bioactive Glass Based Composites for Cranioplasty Implants -- 11. Antibacterial Properties of Bioactive Glasses -- 12. Development of URIST™ a Multiphasic rhBMP-2 Bone Graft Substitute -- 13. Development and in Vitro Analysis of a New Biodegradable PLA/HAp Composite for Biomedical Applications -- 14. Biomaterials for Cell Encapsulation: Progress towards Clinical Applications. .
520 ## - SUMMARY, ETC.
Summary, etc This book examines the most novel and state-of-the-art applications of biomaterials, with chapters that exemplify approaches with targeted drug delivery, diabetes, neurodegenerative diseases and cranioplasty implants. Expert contributors analyze biomaterials such as calcium phosphate, sol-gel and quenched glasses, metallic and polymer implants, bioactive glass, and polymer composites while also covering important areas such as the soft tissue replacement, apatites, bone regeneration and cell encapsulation. This book is appropriate for biomedical engineers, materials scientists, and clinicians who are seeking to implement the most advanced approaches and technologies with their patients. .
506 ## - RESTRICTIONS ON ACCESS NOTE
Terms governing access Available to subscribing member institutions only. Доступно лише організаціям членам підписки.
506 ## - RESTRICTIONS ON ACCESS NOTE
Standardized terminology for access restriction Online access from local network of NaUOA.
506 ## - RESTRICTIONS ON ACCESS NOTE
Standardized terminology for access restriction Online access with authorization at https://link.springer.com/
506 ## - RESTRICTIONS ON ACCESS NOTE
Standardized terminology for access restriction Онлайн-доступ з локальної мережі НаУОА.
506 ## - RESTRICTIONS ON ACCESS NOTE
Standardized terminology for access restriction Онлайн доступ з авторизацією на https://link.springer.com/
650 #0 - SUBJECT ADDED ENTRY--TOPICAL TERM
Topical term or geographic name as entry element Biomaterials.
650 #0 - SUBJECT ADDED ENTRY--TOPICAL TERM
Topical term or geographic name as entry element Biomedical engineering.
650 14 - SUBJECT ADDED ENTRY--TOPICAL TERM
Topical term or geographic name as entry element Biomaterials.
-- http://scigraph.springernature.com/things/product-market-codes/Z13000
650 24 - SUBJECT ADDED ENTRY--TOPICAL TERM
Topical term or geographic name as entry element Biomedical Engineering and Bioengineering.
-- http://scigraph.springernature.com/things/product-market-codes/T2700X
650 24 - SUBJECT ADDED ENTRY--TOPICAL TERM
Topical term or geographic name as entry element Biomedical Engineering/Biotechnology.
-- http://scigraph.springernature.com/things/product-market-codes/B24000
700 1# - ADDED ENTRY--PERSONAL NAME
Personal name Kaur, Gurbinder.
Relator term editor.
Relator code edt
-- http://id.loc.gov/vocabulary/relators/edt
710 2# - ADDED ENTRY--CORPORATE NAME
Corporate name or jurisdiction name as entry element SpringerLink (Online service)
773 0# - HOST ITEM ENTRY
Title Springer eBooks
776 08 - ADDITIONAL PHYSICAL FORM ENTRY
Display text Printed edition:
International Standard Book Number 9783319560588
776 08 - ADDITIONAL PHYSICAL FORM ENTRY
Display text Printed edition:
International Standard Book Number 9783319560601
776 08 - ADDITIONAL PHYSICAL FORM ENTRY
Display text Printed edition:
International Standard Book Number 9783319858173
856 40 - ELECTRONIC LOCATION AND ACCESS
Uniform Resource Identifier <a href="https://doi.org/10.1007/978-3-319-56059-5">https://doi.org/10.1007/978-3-319-56059-5</a>
912 ## -
-- ZDB-2-CMS
942 ## - ADDED ENTRY ELEMENTS (KOHA)
Koha item type ЕКнига

Немає доступних примірників.